Emissões de metano entérico em búfalas na Amazônia Oriental: TIER 2 e hexafluoreto de enxofre (Registro n. 337648)
[ somente texto ]
| 000 -LÍDER | |
|---|---|
| fixed length control field | 03859nab a2200325 i 4500 |
| 003 - CÓDIGO MARC DA AGÊNCIA CATALOGADORA | |
| Campo de controle | BR-BrBNA |
| 005 - DATA E HORA DA ÚLTIMA ATUALIZAÇÃO | |
| Campo de controle | 20250818094900.0 |
| 008 - CAMPO DE TAMANHO FIXO | |
| fixed length control field | 250818b2017 bl.qr|pooa||| 00| 0 por | |
| 040 ## - FONTE DA CATALOGAÇÃO | |
| Agência catalogadora | BR-BrBNA |
| Idioma da catalogação | por |
| 072 ## - CATEGORIA AGRIS | |
| Código AGRIS | L02 |
| Código do objeto | 5217 |
| 100 ## - ENTRADA PRINCIPAL - NOME PESSOAL | |
| Nome pessoal | Castro, Vinícius Costa Gomes de |
| 100 ## - ENTRADA PRINCIPAL - NOME PESSOAL | |
| Nome pessoal | Amaral Júnior, João Maria do |
| 100 ## - ENTRADA PRINCIPAL - NOME PESSOAL | |
| Nome pessoal | Martorano, Lucieta Guerreiro |
| 100 ## - ENTRADA PRINCIPAL - NOME PESSOAL | |
| Nome pessoal | Fernandes, Paulo Campos Christo |
| 100 ## - ENTRADA PRINCIPAL - NOME PESSOAL | |
| Nome pessoal | Monteiro, Samanta do Nascimento |
| 100 ## - ENTRADA PRINCIPAL - NOME PESSOAL | |
| Nome pessoal | Lourenço Júnior, José de Brito |
| 245 ## - TÍTULO PRINCIPAL | |
| Título principal | Emissões de metano entérico em búfalas na Amazônia Oriental: TIER 2 e hexafluoreto de enxofre |
| 500 ## - NOTA GERAL | |
| Nota geral | <br/><br/>Publicação online; 20 ref.; Summaries (En, Pt) |
| 942 ## - ADDED ENTRY ELEMENTS (KOHA) | |
| Koha item type | Analítica |
| 520 ## - NOTA DE RESUMO | |
| Nota de conteúdo | <br/><br/><br/>RESUMO: No Brasil, a agropecuária é apontada como grande emissora de gases de efeito estufa (GEE), sendo os setores da pecuária e o uso do solo os que contribuem significativamente. Neste artigo se comparam as emissões de metano entérico, através do uso de equações do TIER 2, que considera a categoria do animal, o sistema de produção e a dieta, e pela técnica do gás traçador hexafluoreto de enxofre (SF6). Vinte búfalas adultas foram mantidas em baias individuais, onde recebiam dieta controlada, com níveis de adição de 0,00, 0,25, 0,50 e 1,00% de torta de dendê (Elaeis guineensis). As dietas foram semelhantes nas duas metodologias, em energia digestível e metabolizável. Esses dados experimentais foram obtidos no âmbito do Projeto PECUS. Os resultados evidenciaram médias de emissão similares entre as metodologias, exceto no tratamento com 1% de adição da torta de dendê (Tukey, 5%). A medição com o gás traçador SF6 possui sensibilidade para avaliar as emissões, entretanto, envolve custos elevados. O TIER 2 pode ser considerado alternativa de baixo custo para estimar as emissões de metano entérico de ruminantes no Bioma Amazônia. <br/><br/><br/>PALAVRAS-CHAVE: Coprodutos, Gases de efeito estufa, Nutrição, Ruminante |
| 520 ## - NOTA DE RESUMO | |
| Nota de conteúdo | <br/><br/><br/>ABSTRACT: In Brazil, agriculture and livestock are considered major emitters of greenhouse gases (GHG), with animal production and land being significant contributors. In this paper we compare the enteric methane emissions through the use of TIER 2 methodology, which considers the animal category, the production system, and diet type; we also used the sulfur hexafluoride (SF6) tracer gas technique. Experimental data were obtained from the PECUS Project. Twenty adult buffaloes were kept in individual stalls and fed with four diets consisting of 0.00, 0.25, 0.50 and 1.00% levels of palm cake (Elaeis guineensis). The diets were similar in digestibility and metabolizable energy in both methodologies. The results showed similar emission averages among the methodologies, except for the 1% level of palm cake. Thus, TIER 2 can be considered a good estimator of enteric methane emissions when the nutritional composition of the diet and other animal characteristics are known. Measurements with trace gas SF6 show good sensitivity to assess enteric methane emissions; however, they involve high costs, basically associated with the animals and their diet, skilled workers, equipment for sampling, and laboratory facilities. <br/><br/><br/>KEYWORDS: Co-products, Greenhouse gases, Nutrition, Ruminants |
| 650 ## - ASSUNTO - THESAGRO | |
| Cabeçalho tópico ou nome geográfico | BÚFALO |
| 650 ## - ASSUNTO - THESAGRO | |
| Cabeçalho tópico ou nome geográfico | NUTRIÇÃO ANIMAL |
| 650 ## - ASSUNTO - THESAGRO | |
| Cabeçalho tópico ou nome geográfico | GÁS |
| 650 ## - ASSUNTO - THESAGRO | |
| Cabeçalho tópico ou nome geográfico | EFEITO ESTUFA |
| 650 ## - ASSUNTO - THESAGRO | |
| Cabeçalho tópico ou nome geográfico | CONDIÇÃO AMBIENTAL |
| 773 0# - ENTRADA ANALÍTICA | |
| Host Biblionumber | 3551 |
| Registro do item | 345994 |
| Imprenta | Belém-PA Faculdade de Ciências Agrárias do Pará 1999 |
| Outro identificador | 2024-6643 |
| Título | Revista de Ciências Agrárias (Brazil) |
| ISSN | 1517-591X Impresso/Versão online ISSN 2177-8760 |
| Colação | V. 60(3) p. 286-290; (2017) |
| Número de controle de registro | BR2025003007 |
| 856 ## - ACESSO E ENDEREÇO ELETRÔNICO | |
| Identificador uniforme de recurso - URI | https://ajaes.ufra.edu.br/index.php/ajaes/article/view/2728/1457 |
Nenhum exemplar disponível.

BINAGRI